| 000 | 00857nam a2200229Ia 4500 | ||
|---|---|---|---|
| 001 | 22103 | ||
| 005 | 20260416133932.0 | ||
| 008 | 260320s9999||||xx |||||||||||||| ||und|| | ||
| 020 | _a9786123255305 | ||
| 041 | _aESP | ||
| 082 |
_a345.721 _bA176 |
||
| 100 |
_aArp, Bjorn, _etraductor |
||
| 245 | 0 |
_aGrandes casos del arbitraje comercial internacional : _bCompendio de jurisprudencia arbitral (Estados Unidos, Francia e Inglaterra) |
|
| 250 | _aPrimera edición | ||
| 260 |
_aLima : _bPalestra Editores, _c2025 |
||
| 300 |
_a641 páginas : _c21 cm. |
||
| 650 | _aCIS | ||
| 653 | _aDerecho; Derecho procesal civil; Arbitraje | ||
| 654 | _aDER | ||
| 856 |
_uhttps://0u214rx7b-y-https-app-vlex-com.itmsp.museknowledge.com/search/jurisdiction:PE/casos+de+arbitraje+comercial+internacional _zVéase además: Base de datos Vlex |
||
| 942 |
_cLIB _dJUS _fMIP _2ddc |
||
| 999 |
_c22103 _d22103 |
||